Statistics for Football club cities

Click here to take the quiz!

General Stats

  • This quiz has been taken 18 times
  • The average score is 8 of 15

Answer Stats

HintAnswer% Correct
Aston VillaBirmingham
100%
FC EvertonLiverpool
100%
FC ArsenalLondon
100%
GalatasarayIstanbul
94%
RSC AnderlechtBrussels
83%
Al-HilalRiyadh
72%
FC GetafeMadrid
67%
AC MonzaMilan
56%
Al-AhliJedda
39%
CA OsasunaPamplona
39%
US Salernitana 1919Salerno
28%
Ruch ChorzowKatowice
22%
TSG HoffenheimSinsheim
17%
FC NordsjaellandFarum
11%
Zhejiang FCHangzhou
6%

Score Distribution

Percentile by Number Answered

Percent of People with Each Score

Your Score History

You have not taken this quiz